| 000 | 00509nam a22001817a 4500 | ||
|---|---|---|---|
| 005 | 20251010114539.0 | ||
| 008 | 251008b |||||||| |||| 00| 0 eng d | ||
| 020 | _a978-81-975124-2-1 | ||
| 041 | _aeng | ||
| 082 | _a622.12 BHO-U | ||
| 100 |
_aBHOWMIK, PROF S.C. & SAHU, PROF PATITAPABAN AND BEHERA, PROF P.K _98719 |
||
| 245 | _aUNDERGROUND METALLIFEROUS MINING | ||
| 250 | _a1ST ED. 2025 | ||
| 260 |
_aJAMSHEDPUR , JHARKHAND _bKHWAAB PUBLICATION |
||
| 300 | _a151;P | ||
| 650 | _aMINING | ||
| 942 | _cBK | ||
| 999 |
_c8892 _d8890 |
||